000 00864cam a22002893a 4500
001 11869
003 PGUSA
005 20140828083241.0
008 040401s2004||||xxu|||||s|||||000 1 eng d
040 _aPGUSA
_beng
042 _adc
050 4 _aPR
100 1 _aDisraeli, Benjamin, Earl of Beaconsfield,
_d1804-1881
245 1 0 _aVenetia
_h[electronic resource] /
_cBenjamin, Earl of Beaconsfield Disraeli
260 _bProject Gutenberg,
_c2004
506 _aPublic domain in the USA.
516 _aElectronic text
653 _aDomestic fiction
653 _aYoung women -- Fiction
653 _aLove stories
653 _aPoets -- Fiction
653 _aBritish -- Europe -- Fiction
653 _aPoets -- Family relationships -- Fiction
830 0 _aProject Gutenberg
_v11869
856 4 0 _uhttp://www.gutenberg.org/ebooks/11869
942 _cEB
999 _c241124
_d241124